000 01458cam a2200397 a 4500
001 10624141
003 ARRUPE
005 20150528110812.0
006 m d
007 cr n
008 050505s2006 maua sb 001 0 eng d
020 _a9781405113205 (alk. paper)
020 _a1405113200 (alk. paper)
035 _a(WaSeSS)ssj0000126146
040 _aDLC
_cDLC
_dDLC
_dWaSeSS
043 _ae------
050 4 _aD299
_b.C623 2006
082 0 0 _a940.2/8
_222
100 _aBerger, Stefan.
_917432
210 1 0 _aA companion to nineteenth-century Europe, 1789-1914
245 0 2 _aA companion to nineteenth-century Europe, 1789-1914
_h[electronic resource] /
_cedited by Stefan Berger.
260 _aMalden, MA :
_bBlackwell Pub.,
_c2006.
440 0 _aBlackwell companions to European history
_910747
504 _aIncludes bibliographical references (p. [449]-498) and index.
506 _aLicense restrictions may limit access.
651 0 _aEurope
_xHistory
_y1789-1900.
_917433
651 0 _aEurope
_xHistory
_y1871-1918.
_917434
651 0 _aEurope
_xSocial conditions
_y1789-1900.
_917435
651 0 _aEurope
_xSocial conditions
_y20th century.
_917436
651 0 _aEurope
_xCivilization
_y19th century.
_917437
651 0 _aEurope
_xCivilization
_y20th century.
_917438
700 1 _aBerger, Stefan.
_917439
773 0 _tBlackwell Reference Online
910 _aLibrary of Congress record
942 _2lcc
_cMONOGRAPH
999 _c122737
_d122737